LEADER 00880cam0 22002531 450 001 SOBE00025381 005 20120515153019.0 100 $a20120515dS.D. |||||ita|0103 ba 101 $aita 102 $aIT 200 1 $aFilosofia del diritto$fAntonio Punzi 210 $aMilano$cGiuffrè$d[s.d.] 215 $a1163-1176$d24 cm 300 $aEstr. da: Enciclopedia del diritto, dal VI aggiornamento, pubblicazione f.c. 700 1$aPunzi$b, Antonio$3SOBA00003102$4070$0237527 801 0$aIT$bUNISOB$c20120515$gRICA 850 $aUNISOB 852 $aUNISOB$jFondo|Casavola|Opusc$m155763 912 $aSOBE00025381 940 $aM 102 Monografia moderna SBN 941 $aM 957 $aFondo|Casavola|Opusc$b002221$gSI$d155763$hCasavola$rdono$1catenacci$2UNISOB$3UNISOB$420120515152715.0$520120515152739.0$6catenacci 996 $aFilosofia del diritto$91717799 997 $aUNISOB LEADER 01139cam0 22003251 450 001 SOBE00049979 005 20240621085049.0 100 $a20151112d1984 |||||ita|0103 ba 101 $aita$alat 102 $aIT 200 1 $aSatire$aEpistole$aArte poetica$fQ. Orazio Flacco$gedizione critica a traduzione a cura di Domenico Bo 210 $aRoma$cNuovo istituto editoriale italiano$d1984 215 $a425 p.$d22 cm 500 10$aSaturae$3SOBA00008557$915872 500 10$aEpistulae$3SOBA00008556$915871 500 10$aArs poetica$3SOBA00027573$915869 517 1 $aSatire ed epistole$9SOBE00049996 700 1$aHoratius Flaccus$b, Quintus$3A600200025955$4070$075513 702 1$aBo, Domenico$3A600200025959$4070 801 0$aIT$bUNISOB$c20240621$gRICA 850 $aUNISOB 852 $aUNISOB$j870$m63057 912 $aSOBE00049979 940 $aM 102 Monografia moderna SBN 941 $aM 957 $a870$b000589$gSI$d63057$rAcquisto$tN$1petrellap$2UNISOB$3UNISOB$420151112191727.0$520151112191758.0$6petrellap 996 $aArs poetica$915869 996 $aEpistulae$915871 996 $aSaturae$915872 997 $aUNISOB